[Event "Ch France 2018"]
[Site "?"]
[Date "2018.08.22"]
[Round "5.5"]
[White "Fressinet, Laurent"]
[Black "Maze, Sebastien"]
[Result "1/2-1/2"]
[BlackElo "2612"]
[WhiteElo "2645"]
[LiveChessVersion "1.4.8"]

1. Nf3 {[%clk 1:30:57]} Nf6 {[%clk 1:30:48]} 2. g3 {[%clk 1:31:22]} c5
{[%clk 1:31:07]} 3. Bg2 {[%clk 1:30:05]} g6 {[%clk 1:30:48]} 4. c4
{[%clk 1:29:53]} Bg7 {[%clk 1:31:09]} 5. Nc3 {[%clk 1:30:17]} O-O
{[%clk 1:31:34]} 6. d4 {[%clk 1:27:32]} cxd4 {[%clk 1:31:59]} 7. Nxd4
{[%clk 1:27:32]} Qc7 {[%clk 1:32:26]} 8. Nd5 {[%clk 1:27:02]} Nxd5
{[%clk 1:32:36]} 9. cxd5 {[%clk 1:27:26]} Qb6 {[%clk 1:32:43]} 10. Nb3
{[%clk 1:26:20]} d6 {[%clk 1:33:08]} 11. O-O Qa6 12. Re1 {[%clk 1:21:41]} Bd7
{[%clk 1:32:51]} 13. Nd4 {[%clk 1:13:01]} Qa4 {[%clk 1:28:42]} 14. Qxa4
{[%clk 1:07:14]} Bxa4 {[%clk 1:29:11]} 15. Be3 {[%clk 1:07:32]} Bd7
{[%clk 1:29:38]} 16. Rac1 {[%clk 1:05:42]} Na6 {[%clk 1:30:04]} 17. f4
{[%clk 0:56:32]} Rac8 {[%clk 1:24:49]} 18. Red1 {[%clk 0:52:04]} Nc7
{[%clk 1:03:01]} 19. Bf3 {[%clk 0:46:14]} Nb5 {[%clk 1:00:02]} 20. Nxb5
{[%clk 0:43:23]} Bxb5 {[%clk 1:00:26]} 21. b3 {[%clk 0:43:39]} a6
{[%clk 0:56:27]} 22. Rxc8 {[%clk 0:38:19]} Rxc8 {[%clk 0:56:55]} 23. Rc1
{[%clk 0:38:43]} Rxc1+ {[%clk 0:56:51]} 24. Bxc1 {[%clk 0:39:12]} Bd4+
{[%clk 0:55:45]} 25. Kf1 {[%clk 0:37:33]} f5 {[%clk 0:55:22]} 26. g4
{[%clk 0:35:47]} Kf7 {[%clk 0:53:30]} 27. Bd2 {[%clk 0:34:10]} b6
{[%clk 0:53:19]} 28. gxf5 {[%clk 0:32:49]} gxf5 {[%clk 0:53:48]} 29. a4
{[%clk 0:33:06]} Bd7 {[%clk 0:53:29]} 30. e3 {[%clk 0:33:31]} Bf6
{[%clk 0:53:27]} 31. Bh5+ {[%clk 0:31:01]} Kf8 {[%clk 0:53:51]} 32. Be2
{[%clk 0:31:28]} b5 {[%clk 0:51:46]} 33. a5 {[%clk 0:27:07]} e5 {[%clk 0:49:28]}
34. dxe6 {[%clk 0:24:09]} Bxe6 {[%clk 0:49:56]} 35. Bd3 {[%clk 0:23:45]} d5
{[%clk 0:48:32]} 36. Bb4+ {[%clk 0:22:20]} Ke8 {[%clk 0:48:44]} 37. Bc5
{[%clk 0:21:52]} Kd7 {[%clk 0:48:21]} 38. b4 {[%clk 0:19:59]} Bc3
{[%clk 0:48:26]} 39. Kf2 {[%clk 0:18:04]} Kc6 {[%clk 0:46:06]} 40. Be2
{[%clk 0:17:16]} Bf7 {[%clk 0:45:48]} 41. Bf3 {[%clk 0:16:40]} Kd7
{[%clk 0:45:18]} 42. Ke2 {[%clk 0:17:00]} Kc6 {[%clk 0:43:10]} 43. Kd3
{[%clk 0:17:17]} Bf6 {[%clk 0:43:33]} 44. Bd1 {[%clk 0:17:07]} Bd8
{[%clk 0:42:10]} 45. Bd4 {[%clk 0:16:14]} Be7 {[%clk 0:42:31]} 46. Bc3
{[%clk 0:16:35]} Bf8 {[%clk 0:42:30]} 47. Bc2 {[%clk 0:16:37]} Be6
{[%clk 0:41:20]} 48. Ke2 1/2-1/2

[Event "Ch France 2018 - Vétérans"]
[Site "?"]
[Date "2018.08.22"]
[Round "5.1"]
[White "Prie, Eric"]
[Black "Vial, Patrick"]
[Result "1-0"]
[BlackElo "2139"]
[WhiteElo "2480"]
[LiveChessVersion "1.4.4"]

1. d4 {[%clk 1:28:32]} d6 {[%clk 1:30:41]} 2. Nf3 {[%clk 1:28:05]} Nd7
{[%clk 1:30:10]} 3. e4 {[%clk 1:26:11]} e5 {[%clk 1:27:04]} 4. Bc4
{[%clk 1:26:33]} c6 {[%clk 1:20:15]} 5. O-O {[%clk 1:26:47]} Be7 {[%clk 1:17:44]}
6. dxe5 {[%clk 1:26:26]} dxe5 {[%clk 1:17:47]} 7. Ng5 {[%clk 1:26:50]} Bxg5
{[%clk 1:04:33]} 8. Qh5 {[%clk 1:24:48]} g6 {[%clk 1:03:27]} 9. Qxg5
{[%clk 1:25:07]} Qxg5 {[%clk 1:03:27]} 10. Bxg5 {[%clk 1:25:07]} Ngf6
{[%clk 1:03:27]} 11. f3 {[%clk 1:25:07]} h6 {[%clk 1:03:27]} 12. Be3
{[%clk 1:25:07]} Nb6 {[%clk 1:03:27]} 13. Nd2 {[%clk 1:25:07]} Kf8
{[%clk 1:03:27]} 14. Bb3 {[%clk 1:25:07]} Kg7 {[%clk 1:03:27]} 15. a4
{[%clk 1:25:07]} Re8 {[%clk 1:03:27]} 16. a5 {[%clk 1:25:07]} Nbd7
{[%clk 1:03:27]} 17. Nc4 {[%clk 1:25:07]} Nf8 {[%clk 1:03:27]} 18. Nd6
{[%clk 1:25:07]} Re7 {[%clk 1:03:27]} 19. Bxa7 {[%clk 1:25:07]} Be6
{[%clk 1:03:27]} 20. Bc5 {[%clk 1:25:07]} Bxb3 {[%clk 1:03:27]} 21. cxb3
{[%clk 1:25:07]} Rd7 {[%clk 1:03:27]} 22. Nc4 {[%clk 1:25:07]} Rd3
{[%clk 1:03:27]} 23. b4 {[%clk 1:25:07]} Ne6 {[%clk 1:03:27]} 24. Rfd1
{[%clk 1:25:07]} Nxc5 {[%clk 1:03:27]} 25. bxc5 {[%clk 1:25:07]} Rb3
{[%clk 1:03:27]} 26. Ra4 {[%clk 1:25:07]} Re8 {[%clk 0:10:41]} 27. Rd2
{[%clk 0:21:15]} Re7 {[%clk 0:10:53]} 28. a6 {[%clk 0:21:32]} bxa6
{[%clk 0:10:50]} 29. Rxa6 {[%clk 0:21:56]} Nd7 {[%clk 0:05:40]} 30. Rxc6
{[%clk 0:22:10]} Rb5 {[%clk 0:05:49]} 31. Na3 {[%clk 0:21:21]} Ra5
{[%clk 0:05:26]} 32. Rc7 {[%clk 0:21:38]} 1-0

[Event "Ch France 2018 - Vétérans"]
[Site "?"]
[Date "2018.08.22"]
[Round "5.2"]
[White "Ricter, Jean-Paul"]
[Black "Vareille, Francois"]
[Result "0-1"]
[BlackElo "2421"]
[WhiteElo "2065"]
[LiveChessVersion "1.4.4"]

1. e4 {[%clk 1:30:53]} e6 {[%clk 1:30:09]} 2. d4 {[%clk 1:28:25]} d5
{[%clk 1:30:23]} 3. Nc3 {[%clk 1:28:44]} Nf6 {[%clk 1:30:33]} 4. Bg5
{[%clk 1:28:27]} Bb4 {[%clk 1:30:49]} 5. e5 {[%clk 1:20:00]} h6 {[%clk 1:30:24]}
6. Bd2 {[%clk 1:20:27]} Bxc3 {[%clk 1:30:44]} 7. bxc3 {[%clk 1:20:52]} Ne4
{[%clk 1:31:04]} 8. Qg4 {[%clk 1:20:25]} g6 {[%clk 1:31:12]} 9. h4
{[%clk 1:19:07]} c5 {[%clk 1:29:19]} 10. Bd3 {[%clk 1:08:54]} Nxd2
{[%clk 1:28:36]} 11. Kxd2 {[%clk 1:09:19]} Nc6 {[%clk 1:28:44]} 12. Rh3
{[%clk 1:00:11]} Qa5 {[%clk 1:28:20]} 13. Bxg6 {[%clk 0:47:07]} Nxd4
{[%clk 1:27:44]} 14. Rg3 {[%clk 0:31:21]} Rf8 {[%clk 1:26:41]} 15. Bd3
{[%clk 0:28:34]} Bd7 {[%clk 1:26:18]} 16. Qf4 {[%clk 0:28:11]} O-O-O
{[%clk 1:19:12]} 17. Qxh6 {[%clk 0:21:05]} c4 {[%clk 1:15:36]} 18. Qf4
{[%clk 0:14:25]} Nb5 {[%clk 1:15:20]} 19. Bf1 {[%clk 0:12:25]} Nxc3
{[%clk 1:14:23]} 20. Kc1 {[%clk 0:08:39]} Qa3+ {[%clk 1:13:50]} 21. Kd2
{[%clk 0:08:53]} Ne4+ {[%clk 1:14:11]} 22. Kd1 {[%clk 0:07:00]} Qb2
{[%clk 1:13:05]} 23. Rc1 {[%clk 0:06:09]} f6 {[%clk 1:12:07]} 24. Rf3
{[%clk 0:04:12]} fxe5 {[%clk 1:08:15]} 25. Qxf8 {[%clk 0:04:36]} Qd4+
{[%clk 1:07:17]} 26. Bd3 {[%clk 0:04:05]} Rxf8 {[%clk 1:04:13]} 27. Rxf8+
{[%clk 0:04:34]} Kc7 {[%clk 1:04:41]} 28. Ne2 {[%clk 0:04:10]} Nxf2+
{[%clk 1:03:15]} 29. Ke1 {[%clk 0:04:31]} Nxd3+ {[%clk 1:03:09]} 30. cxd3
{[%clk 0:04:57]} Qxh4+ {[%clk 1:03:26]} 31. g3 {[%clk 0:04:41]} Qh1+
{[%clk 1:03:46]} 32. Rf1 {[%clk 0:05:09]} Qh6 {[%clk 1:03:45]} 33. dxc4
{[%clk 0:05:29]} d4 {[%clk 1:04:04]} 34. Rd1 {[%clk 0:03:53]} Qe3
{[%clk 1:01:19]} 35. Rf7 {[%clk 0:03:39]} Kd6 {[%clk 1:01:05]} 36. Kf1
{[%clk 0:03:31]} Be8 {[%clk 1:00:53]} 37. Rf2 {[%clk 0:01:45]} Bg6
{[%clk 1:00:38]} 38. Nc1 {[%clk 0:00:57]} Qxg3 {[%clk 1:00:31]} 39. c5+
{[%clk 0:00:33]} Kxc5 {[%clk 1:00:28]} 40. Nb3+ {[%clk 0:30:30]} 0-1

[Event "Ch France 2018 - Vétérans"]
[Site "?"]
[Date "2018.08.22"]
[Round "5.3"]
[White "Dussol, Pierre"]
[Black "Dijon, Frederic"]
[Result "1-0"]
[BlackElo "1901"]
[WhiteElo "2096"]
[LiveChessVersion "1.4.4"]

1. e4 {[%clk 1:29:10]} e6 {[%clk 1:29:46]} 2. d4 {[%clk 1:28:08]} d5
{[%clk 1:30:07]} 3. e5 {[%clk 1:27:26]} c5 {[%clk 1:30:06]} 4. Nf3
{[%clk 1:27:09]} Nc6 {[%clk 1:29:02]} 5. Bd3 {[%clk 1:26:30]} Nh6
{[%clk 1:25:48]} 6. dxc5 {[%clk 1:19:41]} Nf5 {[%clk 1:24:01]} 7. O-O
{[%clk 1:18:15]} Bxc5 {[%clk 1:22:44]} 8. Bf4 {[%clk 1:17:11]} h6
{[%clk 1:22:11]} 9. Bxf5 {[%clk 1:04:24]} exf5 {[%clk 1:21:22]} 10. h4
{[%clk 1:03:54]} Be6 {[%clk 1:21:33]} 11. Nc3 {[%clk 1:00:19]} a6
{[%clk 1:14:23]} 12. a3 {[%clk 0:53:33]} Be7 {[%clk 1:11:42]} 13. h5
{[%clk 0:45:39]} g5 {[%clk 1:02:05]} 14. hxg6 {[%clk 0:44:07]} fxg6
{[%clk 1:00:32]} 15. Ne2 {[%clk 0:41:40]} g5 {[%clk 0:49:29]} 16. Nfd4
{[%clk 0:38:54]} Nxd4 {[%clk 0:46:28]} 17. Nxd4 {[%clk 0:39:05]} Qb6
{[%clk 0:44:25]} 18. Be3 {[%clk 0:27:50]} Bc5 {[%clk 0:39:23]} 19. Nxe6
{[%clk 0:17:07]} Bxe3 {[%clk 0:39:27]} 20. Ng7+ {[%clk 0:15:42]} Kf8
{[%clk 0:36:44]} 21. Nxf5 {[%clk 0:15:47]} Bf4 {[%clk 0:35:50]} 22. Qxd5
{[%clk 0:12:42]} Rd8 {[%clk 0:35:41]} 23. Nd6 {[%clk 0:11:09]} Rh7
{[%clk 0:35:26]} 24. Rad1 {[%clk 0:09:32]} Re7 {[%clk 0:34:15]} 25. Qe4
{[%clk 0:06:24]} Rxe5 {[%clk 0:26:50]} 26. Qg6 {[%clk 0:06:09]} Qc7
{[%clk 0:24:34]} 27. Qf6+ {[%clk 0:06:19]} Kg8 {[%clk 0:24:42]} 28. Nb5
{[%clk 0:06:20]} Rxd1 29. Nxc7 Ree1 30. Qg6+ Rxf1# 31. g3+ 1-0

[Event "Ch France 2018 - Vétérans"]
[Site "?"]
[Date "2018.08.22"]
[Round "5.4"]
[White "Busson, Benoist"]
[Black "Saucey, Michel"]
[Result "1/2-1/2"]
[BlackElo "2283"]
[WhiteElo "1882"]
[LiveChessVersion "1.4.4"]

1. e4 {[%clk 1:30:56]} c5 {[%clk 1:30:38]} 2. Nc3 {[%clk 1:30:40]} e6
{[%clk 1:29:59]} 3. Nge2 {[%clk 1:28:15]} a6 {[%clk 1:30:06]} 4. g3
{[%clk 1:26:11]} Qc7 {[%clk 1:27:54]} 5. Bg2 {[%clk 1:26:09]} Nf6
{[%clk 1:27:29]} 6. O-O {[%clk 1:25:35]} Be7 {[%clk 1:27:29]} 7. d4
{[%clk 1:23:36]} cxd4 {[%clk 1:27:38]} 8. Nxd4 {[%clk 1:23:59]} d6
{[%clk 1:26:26]} 9. Kh1 {[%clk 1:21:07]} Bd7 {[%clk 1:24:33]} 10. f4
{[%clk 1:16:37]} Nc6 {[%clk 1:24:44]} 11. f5 {[%clk 1:09:47]} Nxd4
{[%clk 1:24:22]} 12. Qxd4 {[%clk 1:09:56]} O-O {[%clk 1:23:32]} 13. fxe6
{[%clk 1:08:30]} fxe6 {[%clk 1:22:54]} 14. Be3 {[%clk 1:03:47]} Rac8
{[%clk 1:22:49]} 15. Qb6 {[%clk 1:03:05]} Bc6 {[%clk 1:14:01]} 16. Qb3
{[%clk 1:00:41]} Bd7 {[%clk 1:12:37]} 17. Rad1 {[%clk 0:57:48]} b5
{[%clk 1:12:38]} 18. Bh3 {[%clk 0:49:25]} Qc4 {[%clk 1:08:16]} 19. Qxc4
{[%clk 0:49:24]} Rxc4 {[%clk 1:08:35]} 20. e5 {[%clk 0:49:40]} Ng4
{[%clk 1:05:02]} 21. Rxf8+ {[%clk 0:40:49]} Bxf8 {[%clk 1:04:22]} 22. Bxg4
{[%clk 0:38:54]} Rxg4 {[%clk 1:04:33]} 23. Bf4 {[%clk 0:35:43]} Bc6+
{[%clk 1:03:18]} 24. Kg1 {[%clk 0:36:03]} dxe5 {[%clk 1:03:23]} 25. Bxe5
{[%clk 0:35:06]} Rc4 {[%clk 0:58:30]} 26. b3 {[%clk 0:32:22]} Rc5
{[%clk 0:57:25]} 27. Bd4 {[%clk 0:32:34]} Rf5 {[%clk 0:57:25]} 28. Rf1
{[%clk 0:31:41]} Bc5 {[%clk 0:48:18]} 29. Ne2 {[%clk 0:31:16]} Rd5
{[%clk 0:46:59]} 30. c3 {[%clk 0:28:03]} e5 {[%clk 0:46:57]} 31. Bxc5
{[%clk 0:27:59]} Rxc5 {[%clk 0:47:04]} 32. Kf2 {[%clk 0:26:51]} Be8
{[%clk 0:43:46]} 33. Ke3 {[%clk 0:26:00]} Bg6 {[%clk 0:43:30]} 34. Rd1
{[%clk 0:25:19]} Rc6 {[%clk 0:43:23]} 35. Rd5 {[%clk 0:24:47]} Re6
{[%clk 0:43:21]} 36. h4 {[%clk 0:23:27]} Bh5 {[%clk 0:37:47]} 37. Ng1
{[%clk 0:21:42]} Kf7 {[%clk 0:36:46]} 38. Nh3 {[%clk 0:18:47]} h6
{[%clk 0:36:51]} 39. Nf2 {[%clk 0:18:48]} Bg6 {[%clk 0:31:38]} 40. Ng4
{[%clk 0:15:47]} Bb1 {[%clk 0:29:26]} 41. Rxe5 {[%clk 0:07:59]} 1/2-1/2

[Event "Ch France 2018 - Open A"]
[Site "?"]
[Date "2018.08.22"]
[Round "5.2"]
[White "Girardon, Jerome"]
[Black "El Mchaouri Mas, Younes"]
[Result "0-1"]
[BlackElo "2120"]
[WhiteElo "2186"]
[LiveChessVersion "1.4.4"]

1. d4 {[%clk 1:15:28]} g6 {[%clk 1:30:39]} 2. c4 {[%clk 1:15:48]} Bg7
{[%clk 1:30:43]} 3. e4 {[%clk 1:16:03]} d6 {[%clk 1:30:15]} 4. Nc3
{[%clk 1:16:19]} Nf6 {[%clk 1:29:39]} 5. h3 {[%clk 1:16:44]} O-O {[%clk 1:27:50]}
6. Be3 {[%clk 1:17:00]} c5 {[%clk 1:26:09]} 7. dxc5 {[%clk 1:17:24]} Qa5
{[%clk 1:26:33]} 8. Bd3 {[%clk 1:17:41]} dxc5 {[%clk 1:17:54]} 9. e5
{[%clk 1:18:04]} Ne8 {[%clk 0:53:41]} 10. f4 {[%clk 1:18:24]} f6 {[%clk 0:50:05]}
11. exf6 {[%clk 1:18:25]} Nxf6 {[%clk 0:48:08]} 12. Nf3 {[%clk 1:16:33]} Nc6
{[%clk 0:35:48]} 13. O-O {[%clk 1:07:06]} Rd8 {[%clk 0:30:53]} 14. Nd5
{[%clk 1:01:14]} Nxd5 {[%clk 0:18:05]} 15. cxd5 {[%clk 1:00:58]} Nb4
{[%clk 0:17:54]} 16. Bd2 {[%clk 0:47:12]} c4 {[%clk 0:15:18]} 17. Be4
{[%clk 0:39:35]} Bxb2 {[%clk 0:11:06]} 18. Rb1 {[%clk 0:34:31]} Qc5+
{[%clk 0:10:22]} 19. Kh1 {[%clk 0:34:25]} c3 {[%clk 0:10:36]} 20. Rxb2
{[%clk 0:34:50]} cxb2 {[%clk 0:08:21]} 21. Qb3 {[%clk 0:33:55]} Nxd5
{[%clk 0:08:30]} 22. Bb4 {[%clk 0:30:45]} Qb5 {[%clk 0:05:48]} 23. Nd4
{[%clk 0:30:21]} Qxf1+ {[%clk 0:06:08]} 24. Nf3 Qb5 0-1

[Event "Ch France 2018 - Open A"]
[Site "?"]
[Date "2018.08.22"]
[Round "5.3"]
[White "Kollar, Romain"]
[Black "Lux, Hugo De Melo"]
[Result "1/2-1/2"]
[BlackElo "2147"]
[WhiteElo "2065"]
[LiveChessVersion "1.4.4"]

1. e4 {[%clk 1:30:51]} c5 {[%clk 1:30:59]} 2. Nf3 {[%clk 1:31:02]} e6
{[%clk 1:31:27]} 3. d4 {[%clk 1:31:27]} cxd4 {[%clk 1:31:56]} 4. Nxd4
{[%clk 1:31:47]} a6 {[%clk 1:32:21]} 5. c4 {[%clk 1:32:11]} Nf6 {[%clk 1:32:47]}
6. Nc3 {[%clk 1:32:20]} Qc7 {[%clk 1:33:09]} 7. a3 {[%clk 1:32:30]} b6
{[%clk 1:33:35]} 8. Be3 {[%clk 1:32:40]} Bb7 {[%clk 1:33:59]} 9. f3
{[%clk 1:33:05]} Be7 {[%clk 1:34:08]} 10. Be2 {[%clk 1:32:58]} O-O
{[%clk 1:34:21]} 11. O-O {[%clk 1:33:20]} d6 {[%clk 1:34:14]} 12. Qd2
{[%clk 1:33:19]} Nbd7 {[%clk 1:34:39]} 13. Rfc1 {[%clk 1:33:33]} Rac8
{[%clk 1:34:56]} 14. b4 {[%clk 1:32:20]} Qb8 {[%clk 1:35:08]} 15. Na4
{[%clk 1:31:16]} Bd8 {[%clk 1:33:39]} 16. Nb3 {[%clk 1:28:04]} Bc7
{[%clk 1:33:37]} 17. Kh1 {[%clk 1:13:05]} Rfe8 {[%clk 1:03:17]} 18. c5
{[%clk 0:41:06]} dxc5 {[%clk 0:58:22]} 19. bxc5 {[%clk 0:39:07]} b5
{[%clk 0:55:09]} 20. c6 {[%clk 0:36:59]} bxa4 {[%clk 0:40:15]} 21. cxb7
{[%clk 0:35:25]} Qxb7 {[%clk 0:40:17]} 22. Na5 {[%clk 0:32:32]} Qa8
{[%clk 0:35:44]} 23. Nc4 {[%clk 0:26:53]} Ne5 {[%clk 0:25:07]} 24. Qb4
{[%clk 0:25:44]} Nxc4 {[%clk 0:21:38]} 25. Bxc4 {[%clk 0:26:06]} Be5
{[%clk 0:18:26]} 26. Rab1 {[%clk 0:26:30]} Qc6 {[%clk 0:09:49]} 27. Bb3
{[%clk 0:24:51]} Qd6 {[%clk 0:09:56]} 28. Bxa4 {[%clk 0:23:47]} Rxc1+
{[%clk 0:08:13]} 29. Rxc1 {[%clk 0:23:56]} Rb8 {[%clk 0:08:33]} 30. Qxd6
{[%clk 0:17:26]} Bxd6 {[%clk 0:09:01]} 1/2-1/2

[Event "Ch France 2018 - Open B"]
[Site "?"]
[Date "2018.08.22"]
[Round "5.2"]
[White "Sabatier, Mathis"]
[Black "Ben Hamed, Cherif"]
[Result "1/2-1/2"]
[BlackElo "1935"]
[WhiteElo "1904"]
[LiveChessVersion "1.4.8"]

1. d4 {[%clk 1:30:56]} d5 {[%clk 1:30:58]} 2. c4 {[%clk 1:31:11]} e6
{[%clk 1:31:23]} 3. Nc3 {[%clk 1:31:32]} Nf6 {[%clk 1:31:47]} 4. cxd5
{[%clk 1:31:48]} exd5 {[%clk 1:32:08]} 5. Bg5 {[%clk 1:32:09]} Be7
{[%clk 1:31:58]} 6. e3 {[%clk 1:32:33]} c6 {[%clk 1:31:05]} 7. Bd3
{[%clk 1:32:57]} Ne4 {[%clk 1:24:49]} 8. Bxe7 {[%clk 1:32:15]} Qxe7
{[%clk 1:25:16]} 9. Qc2 {[%clk 1:30:08]} Nd6 {[%clk 1:21:36]} 10. Nf3
{[%clk 1:27:43]} Nd7 {[%clk 1:18:17]} 11. O-O {[%clk 1:26:07]} Nf6
{[%clk 1:12:22]} 12. b4 {[%clk 1:17:43]} Nfe4 {[%clk 1:05:58]} 13. a4
{[%clk 1:08:06]} O-O {[%clk 0:52:59]} 14. b5 {[%clk 1:02:39]} Nxc3
{[%clk 0:47:57]} 15. Qxc3 {[%clk 1:02:35]} cxb5 {[%clk 0:47:45]} 16. axb5
{[%clk 1:02:47]} Be6 {[%clk 0:47:30]} 17. Qb4 {[%clk 0:55:47]} Rfc8
{[%clk 0:45:42]} 18. Rfc1 {[%clk 0:54:17]} Rxc1+ {[%clk 0:44:01]} 19. Rxc1
{[%clk 0:54:41]} Rc8 {[%clk 0:44:13]} 20. Rxc8+ {[%clk 0:43:16]} Nxc8
{[%clk 0:40:05]} 21. Qc5 {[%clk 0:41:49]} Qd8 {[%clk 0:34:18]} 22. h3
{[%clk 0:35:42]} f6 {[%clk 0:31:43]} 23. Bc2 {[%clk 0:25:09]} Qd7
{[%clk 0:29:09]} 24. Nd2 {[%clk 0:18:47]} b6 {[%clk 0:26:42]} 25. Qb4
{[%clk 0:18:21]} Nd6 {[%clk 0:25:15]} 26. Bd3 {[%clk 0:18:27]} g6
{[%clk 0:23:20]} 27. Nb1 {[%clk 0:17:02]} Kf7 {[%clk 0:19:52]} 28. Nc3
{[%clk 0:16:29]} Qc7 {[%clk 0:18:17]} 29. Qb3 {[%clk 0:11:29]} Nc4
{[%clk 0:18:13]} 30. Be2 {[%clk 0:07:53]} f5 {[%clk 0:17:27]} 31. Qb4
{[%clk 0:06:44]} Qd6 {[%clk 0:13:05]} 32. Qxd6 {[%clk 0:05:50]} Nxd6
{[%clk 0:12:31]} 33. Bf3 {[%clk 0:06:17]} Ne4 {[%clk 0:12:40]} 34. Nxe4
{[%clk 0:06:30]} dxe4 {[%clk 0:12:39]} 35. Be2 {[%clk 0:06:40]} Ba2
{[%clk 0:10:16]} 36. g4 {[%clk 0:04:49]} Ke6 {[%clk 0:10:21]} 37. gxf5+
{[%clk 0:04:56]} gxf5 {[%clk 0:10:26]} 38. Kg2 {[%clk 0:04:53]} Kf6
{[%clk 0:06:07]} 39. Kg3 {[%clk 0:04:25]} Bb1 {[%clk 0:05:50]} 40. f3
{[%clk 0:02:41]} h6 {[%clk 0:03:17]} 41. h4 {[%clk 0:01:22]} Ke7 {[%clk 0:01:27]}
42. fxe4 {[%clk 0:28:05]} fxe4 {[%clk 0:31:25]} 43. Kf2 {[%clk 0:27:47]} Ba2
{[%clk 0:26:18]} 44. Ke1 {[%clk 0:26:32]} Ke6 {[%clk 0:24:32]} 45. Kd2
{[%clk 0:25:40]} Kf5 {[%clk 0:22:32]} 46. Kc3 {[%clk 0:24:12]} Bf7
{[%clk 0:20:56]} 47. Kd2 {[%clk 0:20:53]} Ke5 1/2-1/2

[Event "Ch France 2018 - Open D"]
[Site "?"]
[Date "2018.08.22"]
[Round "5.3"]
[White "Leccia, Thomas"]
[Black "Sithisak, Remi"]
[Result "0-1"]
[BlackElo "1360"]
[WhiteElo "1408"]
[LiveChessVersion "1.4.8"]

1. e4 {[%clk 1:30:55]} c5 {[%clk 1:30:37]} 2. Nf3 {[%clk 1:31:09]} d6
{[%clk 1:30:51]} 3. d4 {[%clk 1:31:18]} cxd4 {[%clk 1:31:03]} 4. Nxd4
{[%clk 1:31:24]} Nf6 {[%clk 1:31:13]} 5. Nc3 {[%clk 1:31:38]} a6 {[%clk 1:31:04]}
6. Bc4 {[%clk 1:31:20]} e6 {[%clk 1:30:35]} 7. Bb3 {[%clk 1:31:03]} Be7
{[%clk 1:29:11]} 8. O-O {[%clk 1:28:25]} b5 {[%clk 1:27:45]} 9. a3
{[%clk 1:26:23]} O-O {[%clk 1:25:21]} 10. Be3 {[%clk 1:22:16]} Bd7
{[%clk 1:19:22]} 11. f4 {[%clk 1:09:07]} Qc7 {[%clk 1:16:37]} 12. h3
{[%clk 1:04:53]} Nc6 {[%clk 1:11:28]} 13. Nf3 {[%clk 1:04:09]} e5
{[%clk 0:58:16]} 14. Nd5 {[%clk 0:58:51]} Nxd5 {[%clk 0:54:05]} 15. exd5
{[%clk 0:58:44]} Na5 {[%clk 0:52:48]} 16. Ba2 {[%clk 0:54:08]} Rac8
{[%clk 0:45:08]} 17. Qd2 {[%clk 0:47:56]} Nc4 {[%clk 0:35:50]} 18. Bxc4
{[%clk 0:47:19]} Qxc4 {[%clk 0:36:03]} 19. c3 {[%clk 0:46:32]} e4
{[%clk 0:33:21]} 20. Ne1 {[%clk 0:44:23]} f5 {[%clk 0:28:51]} 21. Rb1
{[%clk 0:40:25]} Bf6 {[%clk 0:20:55]} 22. Nc2 {[%clk 0:39:21]} a5
{[%clk 0:19:04]} 23. Bb6 {[%clk 0:37:23]} Bd8 {[%clk 0:13:41]} 24. Bxd8
{[%clk 0:36:46]} Rfxd8 {[%clk 0:14:02]} 25. Ne3 {[%clk 0:36:37]} Qc5
{[%clk 0:12:49]} 26. Rfe1 {[%clk 0:34:13]} g5 {[%clk 0:07:21]} 27. Qf2
{[%clk 0:33:28]} h6 {[%clk 0:06:13]} 28. fxg5 {[%clk 0:33:24]} hxg5
{[%clk 0:06:37]} 29. Qg3 {[%clk 0:33:46]} Kf7 {[%clk 0:04:44]} 30. Qxg5
{[%clk 0:33:44]} Rh8 {[%clk 0:03:59]} 31. Kh2 {[%clk 0:30:18]} Rcg8
{[%clk 0:02:33]} 32. Qf4 {[%clk 0:30:09]} Rh5 {[%clk 0:02:08]} 33. Rf1
{[%clk 0:18:35]} Ke8 {[%clk 0:00:40]} 34. Qf2 {[%clk 0:11:27]} Rgh8
{[%clk 0:00:46]} 35. Qg3 {[%clk 0:10:55]} f4 {[%clk 0:00:40]} 36. Qxf4
{[%clk 0:09:49]} Bxh3 {[%clk 0:00:59]} 37. Qxe4+ {[%clk 0:08:57]} Kd8
{[%clk 0:00:36]} 38. Rf8+ {[%clk 0:04:28]} Rxf8 39. gxh3 {[%clk 0:07:19]} Rf2+
{[%clk 0:00:57]} 40. Kg3 {[%clk 0:06:28]} Re2 {[%clk 0:00:44]} 41. Kf3
{[%clk 0:06:28]} Rxe3+ {[%clk 0:01:11]} 42. Qxe3 {[%clk 0:06:39]} Rxh3+
{[%clk 0:01:18]} 43. Qe4 Qe3+ 44. Kxe3 0-1